000 00779nam a2200229Ia 4500
001 10154
003 GE_BSU
008 181216s||||||||xx |||||||||||||| ||und||
040 _cGE_BSU
080 _a821.353.1–1
100 _aსულაბერიძე,ლადო
245 _aშემოდგომის დღის ქრონიკა
245 _bლექსები,პოემა
245 _cრედ.მ.ქოიავა.მხატვ.ო.ჯიშკარიანი
260 _aთბილისი
260 _bმერანი
260 _c1970
300 _a121გვ.16სმ.
653 _aლექსები,პოემა
653 _aშემოდგომის დღის ქრონიკა
942 _cBK
999 _c43424
_d43424